Statistics for Countries by Largest Unshared Island

Click here to take the quiz!

General Stats

  • This quiz has been taken 98 times
    (31 since last reset)
  • The average score is 106 of 196

Answers on the Map

Answers color-coded by a green-red scale on the quiz's map according to % correct below.
 

Answer Stats

CountryTitle% Correct
AfghanistanIsland in Pyandzh River
100%
GhanaIsland in south end of Lake Volta
100%
Albania | Algeria | Andorra | +66 othersNone
100%
CubaCuba
86%
United KingdomGreat Britain
86%
New ZealandSouth Island
86%
DenmarkGreenland
82%
TaiwanTaiwan
82%
CanadaBaffin Island
79%
GreeceCrete
79%
CyprusCyprus
79%
IcelandIceland
79%
PhilippinesLuzon
79%
SpainMajorca
79%
ItalySicily
79%
Sri LankaSri Lanka
79%
AustraliaTasmania
79%
JapanHonshu
75%
MadagascarMadagascar
75%
IndonesiaSumatra
75%
GrenadaGrenada
71%
United StatesHawaii
71%
JamaicaJamaica
71%
MauritiusMauritius
71%
Antigua and BarbudaAntigua
68%
BarbadosBarbados
68%
ChinaHainan
68%
Saint Kitts and NevisSaint Kitts
68%
Saint LuciaSaint Lucia
68%
Saint Vincent and the
Grenadines
Saint Vincent
68%
Trinidad and TobagoTrinidad
68%
DominicaDominica
64%
RussiaSakhalin
64%
São Tomé and PríncipeSao Tome
64%
BahrainBahrain Island
61%
South KoreaJeju
61%
MaltaMalta
61%
NauruNauru
61%
YemenSocotra
61%
SwedenGotland
54%
Papua New GuineaNew Britain
43%
ThailandPhuket
43%
Colombia | VenezuelaMargarita Island
39%
Solomon IslandsGuadalcanal
36%
FijiViti Levu
36%
CroatiaKrk | Cres
32%
NorwaySpitsbergen
32%
BrazilMarajó
29%
EstoniaSaaremaa
29%
TunisiaDjerba
25%
GermanyRügen
25%
Equatorial GuineaBioko
21%
ChileChiloé
21%
Costa RicaCocos Island
21%
TuvaluFunafuti
21%
SeychellesMahe
21%
BahamasNorth Andros Island
21%
NetherlandsFlevopolder
14%
HaitiGonâve Island
14%
FranceGrande Terre
14%
EcuadorIsabela Island
14%
PortugalSão Miguel Island
14%
TongaTongatapu
14%
TanzaniaUnguja
14%
El Salvador | VanuatuEspiritu Santo
11%
MaldivesGan
11%
KiribatiKiritimati
11%
Federated States of
Micronesia
Pohnpei
11%
SamoaSavai'i
11%
BelizeAmbergris Caye
7%
PalauBabeldaob
7%
ComorosGrand Comoro
7%
HondurasRoatan
7%
Cape VerdeSantiago
7%
PolandWolin
7%
IrelandAchill
4%
East TimorAtauro Island
4%
BulgariaBelene Island
4%
BangladeshBhola Island
4%
PanamaCoiba
4%
ArgentinaIsla de los Estados
4%
Marshall IslandsKwajalein
4%
South AfricaMarion Island
4%
IndiaMiddle Andaman Island
4%
NicaraguaOmetepe
4%
KenyaPate
4%
IranQeshm
4%
Dominican RepublicSaona Island
4%
Sierra LeoneSherbro Island
4%
FinlandSoisalo
4%
MexicoTiburón Island
4%
United Arab EmiratesAbu al Abyad
0%
MalaysiaBanggi
0%
KuwaitBubiyan
0%
UgandaBugala Island
0%
EritreaDahlak Kebir
0%
LatviaDoles Sala
0%
UkraineDzharylgach
0%
Saudi ArabiaFarasan al Kabir
0%
Guinea-BissauFormosa
0%
GuineaÎle Tristao
0%
TurkeyImbros
0%
MozambiqueInhacamba
0%
UruguayIsla del Queguay Grande
0%
LaosKhong Island
0%
CambodiaKoh Kong
0%
RomaniaLetea
0%
OmanMasirah
0%
ZambiaMbabala Island
0%
Republic of the CongoMbamu
0%
SudanMograt Island
0%
SenegalMorfil
0%
TurkmenistanOgurja Ada
0%
SerbiaOstrvo
0%
VietnamPhu Quoc
0%
MyanmarRamree Island
0%
LithuaniaRusnės Sala
0%
TajikistanSevernyy
0%
EgyptShakir
0%
North KoreaSinmido
0%
Democratic Republic
of the Congo
Sumbo
0%
HungarySzigetköz
0%
MauritaniaTidra
0%
AngolaTigres Island
0%
SingaporeUjong Island
0%
SlovakiaŽitný ostrov
0%

Score Distribution

Percentile by Number Answered

Percent of People with Each Score

Your Score History

You have not taken this quiz since the last reset